| 000 | 00480nam a2200157Ia 4500 | ||
|---|---|---|---|
| 008 | 240729s9999 xx 000 0 und d | ||
| 022 | _a1308-7584 | ||
| 245 | 0 | _aYüzüncü Yil Üniversitesi Tarim Bilimleri Dergisi | |
| 260 | _aTürkiye | ||
| 260 | _bYuzuncu Yil University Faculty of Agriculture | ||
| 650 | _a Agriculture (General) | ||
| 650 | _aAgriculture | ||
| 856 | _uhttps://doaj.org/toc/33da99957a7345148cf88253e6fd8d52 | ||
| 942 | _2ddc | ||
| 942 | _cDOAJEJ | ||
| 999 |
_c68953 _d68953 |
||
| 945 |
_a1 _bMadushi Gamage _c1 _dMadushi Gamage |
||